000 00872cam a2200289 a 4500
001 13676973
003 OSt
005 20230606083059.0
008 040804s2004 enk 001 0 eng
010 _a 2004557131
020 _a0199270635
040 _aDLC
_cDLC
_dDLC
043 _ae-uk---
082 0 0 _a344.4101
_bHON
100 1 _aHoneyball, Simon.
245 1 0 _aTextbook on labour law /
_cSimon Honeyball & John Bowers.
246 3 0 _aLabour law
250 _a8th ed.
260 _aOxford ;
_aNew York :
_bOxford University Press,
_c2004.
300 _alix, 469 p. ;
_c25 cm.
500 _aIncludes index.
650 0 _aLabor laws and legislation
_zGreat Britain.
700 1 _aBowers, John,
_d1956-
906 _a7
_bcbc
_corigcop
_d2
_encip
_f20
_gy-gencatlg
942 _2ddc
_cBK
999 _c477
_d477